History builds the town (Record no. 369645)

000 -LEADER
fixed length control field 00326cam a22001217a 4500
008 - FIXED-LENGTH DATA ELEMENTS--GENERAL INFORMATION
fixed length control field 180718b1955 xxu||||| |||| 00| 0 eng d
082 ## - DEWEY DECIMAL CLASSIFICATION NUMBER
Classification number J71 K842
100 ## - MAIN ENTRY--PERSONAL NAME
Personal name Korn, Arthur
245 ## - TITLE STATEMENT
Title History builds the town
Statement of responsibility, etc. by Arthur Korn
260 ## - PUBLICATION, DISTRIBUTION, ETC.
Place of publication, distribution, etc. London
Name of publisher, distributor, etc. Lund Humphries
Date of publication, distribution, etc. 1955
300 ## - PHYSICAL DESCRIPTION
Extent 110p.
650 ## - SUBJECT ADDED ENTRY--TOPICAL TERM
Topical term or geographic name entry element City planning --History
Holdings
Withdrawn status Lost status Damaged status Not for loan Permanent Location Current Location Date acquired Full call number Barcode Date last seen Price effective from Koha item type
        Indian Institute of Public Administration Indian Institute of Public Administration 1994-06-02 J71 K842 24706 2018-07-21 2018-07-21 Book

Powered by Koha